| 000 -LEADER |
| fixed length control field |
00632nam a22002057a 4500 |
| 008 - FIXED-LENGTH DATA ELEMENTS--GENERAL INFORMATION |
| fixed length control field |
150930b xxu||||| |||| 00| 0 eng d |
| 020 ## - INTERNATIONAL STANDARD BOOK NUMBER |
| International Standard Book Number |
0314471480 |
| 041 0# - LANGUAGE CODE |
| Language code of text/sound track or separate title |
eng |
| 080 ## - UNIVERSAL DECIMAL CLASSIFICATION NUMBER |
| Universal Decimal Classification number |
174.4 |
| 100 1# - Rafti |
| Rafti |
Kvanli, Alan H. |
| 245 10 - TITLE STATEMENT |
| Title |
Introduction to business statistics : |
| Statement of responsibility, etc |
Alan H. Kvanli, C. Stephen Guynes, Robert J. Pavur. |
| 250 ## - |
| -- |
2nd ed. |
| 260 ## - |
| -- |
St. Paul : |
| -- |
West Pub. Co., |
| -- |
1989. |
| 300 ## - |
| -- |
xviii, 899, 85 f. : |
| -- |
me il.; |
| -- |
27 cm. |
| 650 #0 - |
| -- |
Statistika komerciale |
| 650 #0 - |
| -- |
Statistika |
| 700 1# - |
| -- |
Guynes, C. Stephen |
| 700 1# - |
| -- |
Pavur, Robert J. |
| 942 ## - ADDED ENTRY ELEMENTS (KOHA) |
| Source of classification or shelving scheme |
|
| Item type |
Books |